Welcome to CU Library Online Public Access Catalogue (OPAC)

ANGELS; (Record no. 6357)

MARC details
000 -LEADER
fixed length control field 00351nam a22001337a 4500
005 - DATE AND TIME OF LATEST TRANSACTION
control field 20250609143438.0
008 - FIXED-LENGTH DATA ELEMENTS--GENERAL INFORMATION
fixed length control field 250609b |||||||| |||| 00| 0 eng d
050 ## - LIBRARY OF CONGRESS CALL NUMBER
Classification number BT966
Item number .GRA
100 ## - MAIN ENTRY--PERSONAL NAME
Personal name GRAHAM BILLY
245 ## - TITLE STATEMENT
Title ANGELS;
Remainder of title GOD'S SECRET AGENTS
260 ## - PUBLICATION, DISTRIBUTION, ETC.
Place of publication, distribution, etc. NEW YORK
Name of publisher, distributor, etc. GUIDEPOSTS ASSOCIATES, INC.
Date of publication, distribution, etc. c1975
300 ## - PHYSICAL DESCRIPTION
Extent xii, 175p
942 ## - ADDED ENTRY ELEMENTS (KOHA)
Source of classification or shelving scheme Library of Congress Classification
Koha item type Books
Suppress in OPAC No
999 ## -
-- 6357
-- 6357
Holdings
Withdrawn status Lost status Source of classification or shelving scheme Damaged status Not for loan Collection Home library Current library Shelving location Date acquired Total checkouts Full call number Barcode Date last seen Copy number Price effective from Koha item type
    Library of Congress Classification     Non-fiction Undergraduate Library (Christ Temple) Undergraduate Library (Christ Temple) General stacks 06/09/2025   BT966.2 GRA ulct00003115 06/09/2025 1 06/01/2025 Books
© 2023-2024 Copyright: Central University Libraries. All Rights Reserved | Created by: Mahone Tech Office